Fundamentals of physical chemistry (Record no. 68894)
[ view plain ]
| 000 -LEADER | |
|---|---|
| fixed length control field | 00776nam a2200241 a 4500 |
| 005 - DATE AND TIME OF LATEST TRANSACTION | |
| control field | 20180519112933.0 |
| 008 - FIXED-LENGTH DATA ELEMENTS--GENERAL INFORMATION | |
| fixed length control field | 960221s1955 dcuabcdjdbkoqu001 0deng d |
| 020 ## - INTERNATIONAL STANDARD BOOK NUMBER | |
| International Standard Book Number | 0471188204 |
| 080 ## - UNIVERSAL DECIMAL CLASSIFICATION NUMBER | |
| Universal Decimal Classification number | 541.1 |
| Item number | CRO |
| 100 ## - MAIN ENTRY--PERSONAL NAME | |
| Personal name | Crockford, H D |
| 245 ## - TITLE STATEMENT | |
| Title | Fundamentals of physical chemistry |
| 250 ## - EDITION STATEMENT | |
| Edition statement | 2nd. ed. |
| 260 ## - PUBLICATION, DISTRIBUTION, ETC. (IMPRINT) | |
| Place of publication, distribution, etc | New York |
| Name of publisher, distributor, etc | Wiley Eastern |
| Date of publication, distribution, etc | 1964 |
| 300 ## - PHYSICAL DESCRIPTION | |
| Extent | xii, 416p. |
| Dimensions | 23 cm. |
| 653 ## - INDEX TERM--UNCONTROLLED | |
| Uncontrolled term | Physical chemistry |
| -- | Polymers |
| -- | Thermodynamics |
| -- | Chemistry |
| -- | Spectroscopy |
| -- | Biochemistry |
| -- | Spectrum analysis |
| -- | Acids |
| -- | Bases- chemistry |
| -- | Physical science |
| -- | Chemical engineering |
| -- | Biotechnology |
| -- | Chemical technology |
| 700 ## - ADDED ENTRY--PERSONAL NAME | |
| Personal name | Knight, Samuel B |
| 942 ## - ADDED ENTRY ELEMENTS (KOHA) | |
| item type | Books |
| 003 - CONTROL NUMBER IDENTIFIER | |
| control field | ViArRB |
| Lost status | Source of classification or shelving scheme | Not for loan | Home library | Current library | Shelving location | Date acquired | Total Checkouts | Full call number | Barcode | Date last seen | Price effective from | Koha item type |
|---|---|---|---|---|---|---|---|---|---|---|---|---|
| Universal Decimal Classification | University Library | University Library | Secondary Collection | 19/05/2018 | 541.1 CRO | 00005201 | 19/05/2018 | 19/05/2018 | Books |
